000 00485nam a2200181Ia 4500
001 11285
005 20260306162816.0
008 260306t1969||||xx |||||||||||||| ||spa||
041 _aESP
082 _a985.02
_bV27
100 _aValverde, Vicente de
_eAUT
245 0 _aCarta relación de fray Vicente Valverde a Carlos V sobre la conquista del Perú (1539)
260 _c1969
300 _a62 páginas :
_c17 cm.
650 _aGEN
654 _aCHU
942 _cLIB
_dJUS
_fJUS
_2ddc
_n
999 _c11285
_d11285